Особенности затухания электромагнитного поля в плазме высокочастотного емкостного разряда; Сборник тезисов лауреатов Всероссийского конкурса научно-исследовательских работ студентов и аспирантов в области физических наук в рамках всероссийского фестиваля науки

Podrobná bibliografie
Parent link:Сборник тезисов лауреатов Всероссийского конкурса научно-исследовательских работ студентов и аспирантов в области физических наук в рамках всероссийского фестиваля науки.— 2011.— С. 111-112
Hlavní autor: Корепанова Н. В. Надежда Васильевна
Jazyk:ruština
Vydáno: 2011
Témata:
Médium: MixedMaterials Kapitola
KOHA link:https://koha.lib.tpu.ru/cgi-bin/koha/opac-detail.pl?biblionumber=244051

MARC

LEADER 00000naa2a2200000 4500
001 244051
005 20231031210724.0
035 |a (RuTPU)RU\TPU\book\265413 
035 |a RU\TPU\book\265412 
090 |a 244051 
100 |a 20131014d2011 k y0rusy50 ca 
101 0 |a rus 
102 |a RU 
200 1 |a Особенности затухания электромагнитного поля в плазме высокочастотного емкостного разряда  |f Н. В. Корепанова 
463 0 |0 (RuTPU)RU\TPU\book\250354  |t Сборник тезисов лауреатов Всероссийского конкурса научно-исследовательских работ студентов и аспирантов в области физических наук в рамках всероссийского фестиваля науки  |o г. Томск, 25 мая-5 сентября 2011 г.  |f Национальный исследовательский Томский политехнический университет (ТПУ) ; под ред. В. П. Кривобокова, А. П. Потылицына, А. С. Гоголева, К. А. Козина  |v С. 111-112  |d 2011  |p 252 с. 
610 1 |a труды учёных ТПУ 
610 1 |a электромагнитные поля 
610 1 |a плазма 
610 1 |a затухание 
610 1 |a высокочастные емкостные разряды 
610 1 |a горение 
610 1 |a диссипация 
610 1 |a электромагнитные волны 
700 1 |a Корепанова  |b Н. В.  |c специалист в области технической физики  |c лаборант Томского политехнического университета  |f 1991-  |g Надежда Васильевна  |2 stltpush  |3 (RuTPU)RU\TPU\pers\31412 
801 1 |a RU  |b 63413507  |c 20131014 
801 2 |a RU  |b 63413507  |c 20131014  |g RCR 
942 |c BK